000 00379 a2200109 4500
001 ART_63565
005 20260410161750.0
008 260409a
245 1 0 _aInterpretación de las sanciones administrativas: una visión sobre los tratados internacionales
100 1 _aCondoleo, Roberto O.
773 0 _tDoctrina laboral
_g- Nº 472 (oct./nov. 2025)
_wREV4049
999 _c19563
_d19563